|
|
|
|
| LEADER |
00000nam a2200000Ii 4500 |
| 001 |
DIGUAOCCTE0054 |
| 003 |
NyNyDIG |
| 006 |
m o d |
| 007 |
cr ||||||||||| |
| 008 |
211025s2017 ck a ob 000 0 spa d |
| 035 |
|
|
|a (OCoLC)1282639770
|
| 040 |
|
|
|a DGITA
|b eng
|e rda
|e pn
|c DGITA
|
| 020 |
|
|
|z 9789588713731
|q impreso
|
| 050 |
1 |
4 |
|a HB1360.5 ebook
|
| 100 |
1 |
|
|a Banguero, Harold,
|e author.
|
| 245 |
1 |
3 |
|a El análisis de la población :
|b conceptos, métodos y aplicaciones /
|c Harold Enrique Banguero Lozano.
|
| 250 |
|
|
|a Segunda edición.
|
| 264 |
|
1 |
|a Santiago de Cali :
|b Programa Editorial Universidad Autónoma de Occidente,
|c 2017.
|
| 300 |
|
|
|a 1 online resource :
|b illustrations.
|
| 336 |
|
|
|a text
|b txt
|2 rdacontent
|
| 337 |
|
|
|a computer
|b c
|2 rdamedia
|
| 338 |
|
|
|a online resource
|b cr
|2 rdacarrier
|
| 347 |
|
|
|a text file
|2 rdaft
|
| 347 |
|
|
|b EPUB
|
| 347 |
|
|
|b PDF
|
| 504 |
|
|
|a Includes bibliographical references.
|
| 588 |
0 |
|
|a Online resource; title from ePub title page (Digitalia, viewed October 25, 2021)
|
| 650 |
|
0 |
|a Population
|z Latin America.
|
| 650 |
|
0 |
|a Latin America
|x Statistics, Vital.
|
| 655 |
|
0 |
|a Electronic books.
|
| 791 |
2 |
|
|a Digitalia (Firm),
|e distributor.
|
| 793 |
0 |
|
|g Digitalia eBook Collection:
|a Universidad Autónoma de Occidente
|
| 776 |
0 |
8 |
|i Print version:
|a Banguero, Harold.
|t Análisis de la población.
|b Segunda edición.
|d Santiago de Cali : Programa Editorial Universidad Autónoma de Occidente, 2017
|z 9789588713731
|
| 856 |
4 |
0 |
|3 Digitalia Hispánica
|u https://www.digitaliapublishing.com/a/50982/
|
| 910 |
|
|
|a Premium collection: 2021
|